[Event "BCF-chT3E 2223 (4NCL)"]
[Site "England"]
[Date "2023.05.01"]
[Round "11.51"]
[White "Karumazondo, Ernest"]
[Black "Swanson, Stephen"]
[Result "1/2-1/2"]
[WhiteElo "2080"]
[BlackElo "2196"]
[PlyCount "84"]
[EventDate "2022.11.05"]
[EventType "team-tourn"]
[EventRounds "11"]
[EventCountry "ENG"]
[SourceTitle "EXT 2024"]
[Source "ChessBase"]
[SourceDate "2023.10.10"]
[SourceVersion "1"]
[SourceVersionDate "2023.10.10"]
[SourceQuality "1"]
[WhiteTeam "Watford"]
[BlackTeam "Poisoned Pawns"]
[WhiteTeamCountry "ENG"]
[BlackTeamCountry "ENG"]

1. e4 d6 2. d4 Nf6 3. Nc3 e5 4. dxe5 dxe5 5. Qxd8+ Kxd8 6. f4 Bb4 7. Bd2 Be6 8. 0-0-0 exf4 9. Nge2 Nbd7 10. Nxf4 a6 11. Nxe6+ fxe6 12. Bc4 Re8 13. Rhf1 Bd6 14. Bg5 Be5 15. Ne2 b5 16. Bb3 c5 17. c3 Kc7 18. Bf4 Rad8 19. Bc2 Bxf4+ 20. Nxf4 Ne5 21. Rxd8 Kxd8 22. h3 Ke7 23. g4 g5 24. Nd3 Nfd7 25. b3 Rf8 26. Rxf8 Kxf8 27. Kd2 Ke7 28. Ke3 Nxd3 29. Bxd3 Ne5 30. b4 Kd6 31. Be2 Kc6 32. Bf1 Kb6 33. Kd2 Kc6 34. Ke3 Kd6 35. Be2 Nc6 36. a3 cxb4 37. axb4 Ke5 38. Bf1 Nd8 39. Be2 Nc6 40. Bd3 h6 41. Bf1 Ne7 42. Be2 Nc6 1/2-1/2

[Event "BCF-chT3E 2223 (4NCL)"]
[Site "England"]
[Date "2022.11.06"]
[Round "2.31"]
[White "Swanson, Stephen"]
[Black "Miller, Dominic"]
[Result "1/2-1/2"]
[WhiteElo "2196"]
[BlackElo "2123"]
[PlyCount "31"]
[EventDate "2022.11.05"]
[EventType "team-tourn"]
[EventRounds "11"]
[EventCountry "ENG"]
[SourceTitle "EXT 2024"]
[Source "ChessBase"]
[SourceDate "2023.10.10"]
[SourceVersion "1"]
[SourceVersionDate "2023.10.10"]
[SourceQuality "1"]
[WhiteTeam "Poisoned Pawns"]
[BlackTeam "Sussex Martlets II"]
[WhiteTeamCountry "ENG"]
[BlackTeamCountry "ENG"]

1. e4 e6 2. d3 d5 3. Nd2 Nf6 4. Ngf3 Nc6 5. Be2 e5 6. 0-0 Bd6 7. c3 a5 8. exd5 Nxd5 9. Re1 0-0 10. Bf1 Bg4 11. h3 Bh5 12. a4 Re8 13. Ne4 Bf8 14. Ng3 Bg6 15. Qb3 Ra6 16. Qc4 1/2-1/2

[Event "BCF-chT3Sa 1617 (4NCL)"]
[Site "England"]
[Date "2017.01.15"]
[Round "4.41"]
[White "Byron, Alan M"]
[Black "Swanson, Stephen"]
[Result "1/2-1/2"]
[WhiteElo "2110"]
[BlackElo "2171"]
[PlyCount "53"]
[EventDate "2016.11.26"]
[EventType "team-tourn"]
[EventRounds "11"]
[EventCountry "ENG"]
[SourceTitle "EXT 2019"]
[Source "ChessBase"]
[SourceDate "2018.10.10"]
[SourceVersion "1"]
[SourceVersionDate "2018.10.10"]
[SourceQuality "1"]
[WhiteTeam "The Rookies"]
[BlackTeam "Poisoned Pawns"]
[WhiteTeamCountry "ENG"]
[BlackTeamCountry "ENG"]

1. e4 d6 2. Nf3 g6 3. d4 Bg7 4. Bc4 e6 5. 0-0 Ne7 6. Bb3 0-0 7. c3 Nbc6 8. Qe2 b6 9. Rd1 a5 10. a4 Ba6 11. Qe1 Qe8 12. d5 exd5 13. exd5 Nd8 14. Bg5 Nc8 15. Qd2 Nb7 16. Re1 Qd7 17. Bh6 Ne7 18. Bxg7 Kxg7 19. Bc2 Nf5 20. c4 Nc5 21. Qc3+ Kg8 22. Nbd2 Ng7 23. Ne4 Nxe4 24. Bxe4 Rae8 25. b3 Bc8 26. Nd4 Qd8 27. g3 1/2-1/2

[Event "BCF-chT3 1415 (4NCL)"]
[Site "England"]
[Date "2015.05.03"]
[Round "10.95"]
[White "Polaczek, Richard"]
[Black "Swanson, Stephen"]
[Result "1-0"]
[WhiteElo "2433"]
[BlackElo "2220"]
[PlyCount "119"]
[EventDate "2015.03.21"]
[EventType "team-swiss"]
[EventRounds "11"]
[EventCountry "ENG"]
[SourceTitle "EXT 2016"]
[Source "ChessBase"]
[SourceDate "2015.10.08"]
[SourceVersion "1"]
[SourceVersionDate "2015.10.08"]
[SourceQuality "1"]
[WhiteTeam "Broadland Bitterns"]
[BlackTeam "Poisoned Pawns"]
[WhiteTeamCountry "ENG"]
[BlackTeamCountry "ENG"]

1. e4 e5 2. Nf3 Nc6 3. Bb5 a6 4. Ba4 d6 5. c3 f5 6. exf5 Bxf5 7. 0-0 Bd3 8. Re1 Be7 9. Bc2 Bxc2 10. Qxc2 Nf6 11. d4 Qd7 12. dxe5 dxe5 13. Nbd2 0-0-0 14. Ne4 Rhf8 15. Be3 Nd5 16. Rad1 Nxe3 17. fxe3 Qe6 18. Rxd8+ Rxd8 19. a3 g6 20. Nfd2 Qg4 21. Qd1 Qd7 22. Qe2 Qe6 23. Qc4 Qxc4 24. Nxc4 Kd7 25. Kf2 Ke6 26. Ke2 Rf8 27. Rd1 b6 28. b4 Rd8 29. Rf1 h6 30. a4 Rf8 31. Ra1 Kf5 32. Ncd2 Rd8 33. h3 Ke6 34. g4 Rf8 35. Nc4 Kd5 36. Ncd2 Ke6 37. Rh1 a5 38. b5 Nb8 39. h4 h5 40. gxh5 gxh5 41. Rg1 Bxh4 42. Rh1 Bf6 43. Rxh5 Nd7 44. Rh7 Rf7 45. Rh6 Ke7 46. c4 Rg7 47. c5 bxc5 48. Nc4 Rg2+ 49. Kd3 Bg7 50. Ra6 Ra2 51. Rxa5 Nb6 52. Nxb6 cxb6 53. Ra7+ Kf8 54. a5 Ra3+ 55. Kc4 Rxe3 56. Ng5 Bh6 57. Nh7+ Ke8 58. Nf6+ Kd8 59. axb6 e4 60. Ra8+ 1-0

[Event "BCF-chT2d 1213 (4NCL) Demotion pool"]
[Site "England"]
[Date "2013.05.05"]
[Round "10.51"]
[White "Buchicchio, Giampaolo"]
[Black "Swanson, Stephen"]
[Result "1/2-1/2"]
[WhiteElo "2306"]
[BlackElo "2253"]
[PlyCount "110"]
[EventDate "2012.11.03"]
[EventType "team-tourn"]
[EventRounds "4"]
[EventCountry "ENG"]
[SourceTitle "EXT 2014"]
[Source "ChessBase"]
[SourceDate "2013.11.20"]
[SourceVersion "1"]
[SourceVersionDate "2013.11.20"]
[SourceQuality "1"]
[WhiteTeam "Barbican Youth"]
[BlackTeam "Poisoned Pawns"]
[WhiteTeamCountry "ENG"]
[BlackTeamCountry "ENG"]

1. e4 g6 2. d4 Bg7 3. Nc3 d6 4. f4 a6 5. Nf3 b5 6. Bd3 Nd7 7. a4 b4 8. Ne2 c5 9. c3 bxc3 10. bxc3 e6 11. h4 Bb7 12. Ng3 Qc7 13. 0-0 Ne7 14. Qe1 d5 15. h5 dxe4 16. Nxe4 Nf5 17. Ba3 Bxe4 18. Bxe4 0-0 19. hxg6 hxg6 20. g4 Nh6 21. Ne5 Rac8 22. g5 Nf5 23. Bxf5 exf5 24. Ra2 Rfe8 25. Rh2 Nxe5 26. dxe5 Qc6 27. Qe3 Red8 28. Re2 Re8 29. Rd2 Qxa4 30. Bxc5 Qc4 31. Bd4 a5 32. Rfd1 a4 33. Qe2 Qc6 34. Qg2 Qc4 35. Qe2 Qc6 36. Qg2 Qxg2+ 37. Kxg2 Rc4 38. Rb2 Bf8 39. e6 a3 40. Rh1 Rxd4 41. exf7+ Kxf7 42. Rb7+ Ke6 43. cxd4 Kd5 44. Kf3 Ra8 45. Rc1 a2 46. Ra1 Ra3+ 47. Kg2 Kxd4 48. Rb2 Ke4 49. Rf2 Bg7 50. Raxa2 Rxa2 51. Rxa2 Kxf4 52. Ra7 Be5 53. Ra5 Bg7 54. Ra7 Be5 55. Ra5 Bg7 1/2-1/2

[Event "BCF-chT2c 1112 (4NCL)"]
[Site "England"]
[Date "2012.04.01"]
[Round "8.31"]
[White "Swanson, Stephen"]
[Black "Rendle, Thomas E"]
[Result "0-1"]
[WhiteElo "2277"]
[BlackElo "2389"]
[PlyCount "120"]
[EventDate "2011.11.12"]
[EventType "team-swiss"]
[EventRounds "11"]
[EventCountry "ENG"]
[SourceTitle "EXT 2013"]
[Source "ChessBase"]
[SourceDate "2012.11.22"]
[SourceVersion "1"]
[SourceVersionDate "2012.11.22"]
[SourceQuality "1"]
[WhiteTeam "Poisoned Pawns"]
[BlackTeam "Sambuca Sharks"]
[WhiteTeamCountry "ENG"]
[BlackTeamCountry "ENG"]

1. e4 e6 2. d3 d5 3. Nd2 Nf6 4. g3 Nc6 5. Bg2 Bc5 6. Ngf3 dxe4 7. dxe4 e5 8. 0-0 0-0 9. c3 a5 10. h3 b6 11. Nh4 Qd3 12. Kh2 Rd8 13. Qe1 Ba6 14. Rg1 Qc2 15. Bf3 Ne7 16. Ng2 Ng6 17. Ne3 Qd3 18. Ng4 Rd6 19. Kg2 Nxg4 20. Bxg4 Rf6 21. Nf3 h6 22. Be3 Bxe3 23. Qxe3 Qxe3 24. fxe3 Bb7 25. Rad1 Bxe4 26. Rgf1 Bc6 27. Kg1 e4 28. Nd4 Rxf1+ 29. Kxf1 Bb7 30. Nf5 Ne5 31. Be2 Kf8 32. g4 Nd3 33. Bxd3 exd3 34. Kf2 Rd8 35. Ng3 d2 36. Nf1 Rd6 37. Nxd2 Ke7 38. Ke2 Bg2 39. h4 Rg6 40. Rg1 Rxg4 41. b4 Bh3 42. Rxg4 Bxg4+ 43. Kd3 Be6 44. a3 Kd6 45. Kd4 c5+ 46. bxc5+ bxc5+ 47. Ke4 g5 48. hxg5 hxg5 49. Kf3 Ke5 50. Kg3 a4 51. Kf3 f5 52. Kg3 Bd5 53. Kf2 f4 54. exf4+ Kxf4 55. Nf1 Ke4 56. Ne3 Be6 57. Ke2 g4 58. Nd1 g3 59. Ne3 Bf7 60. Ng2 Bc4+ 0-1

[Event "BCF-chT2 1011 (4NCL)"]
[Site "England"]
[Date "2011.04.30"]
[Round "9.42"]
[White "Williams, Simon Kim"]
[Black "Swanson, Stephen"]
[Result "1-0"]
[WhiteElo "2507"]
[BlackElo "2269"]
[PlyCount "77"]
[EventDate "2010.11.06"]
[EventType "team-swiss"]
[EventRounds "11"]
[EventCountry "ENG"]
[SourceTitle "EXT 2012"]
[Source "ChessBase"]
[SourceDate "2011.11.24"]
[SourceVersion "1"]
[SourceVersionDate "2011.11.24"]
[SourceQuality "1"]
[WhiteTeam "Jutes of Kent"]
[BlackTeam "Poisoned Pawns"]
[WhiteTeamCountry "ENG"]
[BlackTeamCountry "ENG"]

1. d4 g6 2. e4 Bg7 3. Nc3 d6 4. Be3 a6 5. h4 h5 6. Nh3 Nf6 7. f3 0-0 8. Bc4 Nc6 9. Qd2 b5 10. Bb3 e5 11. d5 Ne7 12. Nf2 Bd7 13. a4 Qc8 14. Bg5 Kh7 15. a5 Neg8 16. Na2 Ne8 17. Nb4 f6 18. Be3 Bh6 19. 0-0-0 Ng7 20. Kb1 Bxe3 21. Qxe3 Qe8 22. g4 Nh6 23. Rhg1 Rg8 24. Rc1 Qc8 25. Nc6 Bxc6 26. dxc6 Rf8 27. Rg3 hxg4 28. fxg4 Ne6 29. g5 Ng8 30. gxf6 Nxf6 31. Rcg1 Nf4 32. Nd3 N6h5 33. Rxg6 Nxg6 34. Qg5 Rf1+ 35. Rxf1 Ngf4 36. Qe7+ Kh6 37. Qg5+ Kh7 38. Bf7 Qd8 39. Qf5+ 1-0